| 000 | 00991nam a2200229Ia 4500 | ||
|---|---|---|---|
| 001 | 11679 | ||
| 003 | GE_BSU | ||
| 008 | 181216s||||||||xx |||||||||||||| ||und|| | ||
| 040 | _cGE_BSU | ||
| 080 | _a636:612(075) | ||
| 100 | _aვიქტოროვი,კ.რ. | ||
| 245 | _aსასოფლო–სამეურნეო ცხოველთა ფიზიოლოგია. | ||
| 245 | _bსახელმძღვ.ზოოტექნიკურ–ვეტერინარულ ინ–ტებისა და ფაკ–ტეტებისათვის. | ||
| 245 | _cრედ:მ.ღვინიაშვილი;მთარგმ:გ.ჩიტიაშვილი. | ||
| 260 | _aთბილისი. | ||
| 260 | _bცოდნა. | ||
| 260 | _c1964. | ||
| 300 | _a362გვ;21სმ. | ||
| 300 | _eილ. | ||
| 653 | _aსასოფლო–სამეურნეო ცხოველთა ფიზიოლოგია. | ||
| 942 | _cBK | ||
| 999 |
_c44865 _d44865 |
||